[Event "GBR-ch90"]
[Site "Edinburgh"]
[Date "2003.07.31"]
[Round "10.30"]
[White "Lee, Graham D"]
[Black "Lyell, Mark"]
[Result "0-1"]
[WhiteElo "2360"]
[BlackElo "2256"]
[PlyCount "42"]
[EventDate "2003.07.21"]
[EventType "swiss"]
[EventRounds "11"]
[EventCountry "GBR"]
[SourceTitle "BritBase"]
[Source "John Saunders"]
[SourceDate "2008.07.14"]
[SourceVersion "1"]
[SourceVersionDate "2008.07.14"]
[SourceQuality "2"]

1. e4 c6 2. d4 d5 3. e5 c5 4. dxc5 Nc6 5. Bf4 e6 6. Nd2 Bxc5 7. Nb3 Nge7 8. c3
Bb6 9. Qh5 Ng6 10. Bg3 a5 11. a4 d4 12. Rd1 Qe7 13. Nxd4 Nxd4 14. cxd4 Bd7 15.
Bb5 Qb4+ 16. Rd2 Bxb5 17. axb5 a4 18. Nf3 Qxb5 19. d5 a3 20. dxe6 a2 21. exf7+
Kf8 0-1

[Event "GBR-ch90"]
[Site "Edinburgh"]
[Date "2003.07.31"]
[Round "10.31"]
[White "Munson, Shaun D"]
[Black "Addison, Bret C"]
[Result "1-0"]
[WhiteElo "2112"]
[BlackElo "2251"]
[PlyCount "64"]
[EventDate "2003.07.21"]
[EventType "swiss"]
[EventRounds "11"]
[EventCountry "GBR"]
[SourceTitle "BritBase"]
[Source "John Saunders"]
[SourceDate "2008.07.14"]
[SourceVersion "1"]
[SourceVersionDate "2008.07.14"]
[SourceQuality "2"]

1. d4 d5 2. Bg5 f6 3. Bh4 Nh6 4. e3 Nf5 5. Bg3 c5 6. dxc5 e5 7. Nc3 Nxg3 8.
hxg3 Be6 9. Bd3 e4 10. Bb5+ Nc6 11. Nge2 Qd7 12. Nf4 O-O-O 13. Ng6 Bxc5 14.
Nxh8 Rxh8 15. a3 g6 16. Qd2 Rd8 17. Ne2 Qe7 18. Nd4 Nxd4 19. exd4 Bb6 20. O-O-O
h5 21. Kb1 f5 22. Rc1 Kb8 23. Rhd1 Qf6 24. a4 a6 25. Be2 Bf7 26. Qb4 Ka8 27. a5
Ba7 28. c4 Bxd4 29. cxd5 Bxd5 30. Rxd4 Ba2+ 31. Kxa2 Qxd4 32. Rc8+ Ka7 1-0

[Event "GBR-ch90"]
[Site "Edinburgh"]
[Date "2003.07.31"]
[Round "10.32"]
[White "Mitchell, Martin"]
[Black "Dignam, Matthew P"]
[Result "1-0"]
[WhiteElo "2132"]
[BlackElo "2124"]
[PlyCount "113"]
[EventDate "2003.07.21"]
[EventType "swiss"]
[EventRounds "11"]
[EventCountry "GBR"]
[SourceTitle "BritBase"]
[Source "John Saunders"]
[SourceDate "2008.07.14"]
[SourceVersion "1"]
[SourceVersionDate "2008.07.14"]
[SourceQuality "2"]

1. d4 Nf6 2. c4 e6 3. Nc3 Bb4 4. e3 O-O 5. Nge2 d5 6. a3 Be7 7. cxd5 exd5 8. b4
c6 9. Ng3 a5 10. b5 Nbd7 11. bxc6 bxc6 12. Rb1 Ba6 13. Bxa6 Rxa6 14. O-O Rb6
15. Nf5 Rxb1 16. Nxb1 Re8 17. Qa4 Qb6 18. Nxe7+ Rxe7 19. Bd2 c5 20. dxc5 Nxc5
21. Qxa5 Qxa5 22. Bxa5 Rb7 23. Nc3 Rb3 24. Rb1 Rxb1+ 25. Nxb1 Nb3 26. Bb4 d4
27. Nd2 Nxd2 28. Bxd2 dxe3 29. Bxe3 Nd5 30. Bd4 f6 31. Kf1 Kf7 32. Ke2 Ke6 33.
a4 Nb4 34. Bc5 Na6 35. Ba3 Kd5 36. Kd3 f5 37. Bf8 g6 38. Ba3 h5 39. Be7 Nb8 40.
Bb4 Na6 41. Ba3 Nc7 42. a5 Na6 43. Ke3 Nc7 44. Bb2 g5 45. h4 gxh4 46. Kf4 Ne8
47. Kxf5 Nd6+ 48. Kf4 Ne4 49. a6 Nc5 50. a7 Ne6+ 51. Kf5 Nc7 52. Kg5 Kc6 53.
Kxh4 Kb7 54. Bd4 Ne6 55. Be3 Ng7 56. Kg5 h4 57. Kxh4 1-0

[Event "GBR-ch90"]
[Site "Edinburgh"]
[Date "2003.07.31"]
[Round "10.33"]
[White "Ashton, Adam"]
[Black "Eggleston, David"]
[Result "1/2-1/2"]
[WhiteElo "2234"]
[BlackElo "2094"]
[PlyCount "86"]
[EventDate "2003.07.21"]
[EventType "swiss"]
[EventRounds "11"]
[EventCountry "GBR"]
[SourceTitle "BritBase"]
[Source "John Saunders"]
[SourceDate "2008.07.14"]
[SourceVersion "1"]
[SourceVersionDate "2008.07.14"]
[SourceQuality "2"]

1. e4 e6 2. d4 d5 3. Nc3 Nf6 4. Bg5 Be7 5. e5 Nfd7 6. h4 Bxg5 7. hxg5 Qxg5 8.
Qd3 h5 9. Nf3 Qe7 10. g4 g6 11. gxh5 Rxh5 12. Rxh5 gxh5 13. Qh7 Nc6 14. O-O-O
Nf8 15. Qxh5 Bd7 16. Bd3 O-O-O 17. a3 f6 18. Rg1 fxe5 19. dxe5 Be8 20. Qh6 Qf7
21. Rg3 Ne7 22. Kb1 Nf5 23. Bxf5 Qxf5 24. Qe3 b6 25. Nd4 Qh7 26. Qe2 Kb7 27. f4
Bg6 28. Qb5 Be8 29. Qe2 Bg6 30. Qg2 Qf7 31. Rg4 a6 32. Nf3 Bh5 33. Ng5 Qf5 34.
Rh4 Ng6 35. Rxh5 Nxf4 36. Nxe6 Qxe6 37. Qg5 Rf8 38. Rh6 Qf5 39. Qe7 Rf7 40. Qe8
Ng6 41. Ka2 Qf4 42. Rxg6 Qc4+ 43. b3 Qxc3 1/2-1/2

[Event "GBR-ch90"]
[Site "Edinburgh"]
[Date "2003.07.31"]
[Round "10.34"]
[White "Adams, David M"]
[Black "Muir, Andrew J"]
[Result "1-0"]
[WhiteElo "2172"]
[BlackElo "2316"]
[PlyCount "79"]
[EventDate "2003.07.21"]
[EventType "swiss"]
[EventRounds "11"]
[EventCountry "GBR"]
[SourceTitle "BritBase"]
[Source "John Saunders"]
[SourceDate "2008.07.14"]
[SourceVersion "1"]
[SourceVersionDate "2008.07.14"]
[SourceQuality "2"]

1. e4 c5 2. Nf3 Nc6 3. Bb5 g6 4. Bxc6 dxc6 5. d3 Bg7 6. O-O Nf6 7. h3 Nd7 8.
Nc3 e5 9. Be3 Qe7 10. Qd2 h6 11. Nh2 Nf8 12. f4 exf4 13. Bxf4 Be6 14. Be3 Nd7
15. Nf3 O-O-O 16. Ne2 Ne5 17. Nxe5 Bxe5 18. Rab1 g5 19. b4 Bxa2 20. Bxc5 Qc7
21. Rbd1 b6 22. Bf2 Be6 23. Qe3 f5 24. exf5 Bxf5 25. Bg3 Bxg3 26. Qxg3 Qd7 27.
b5 Rhe8 28. Nc1 Be6 29. bxc6 Qxc6 30. Nb3 Bd5 31. c4 Bg8 32. Kh2 Re2 33. Rf2
Rxf2 34. Qxf2 Bxc4 35. Nd4 Qa4 36. Rc1 b5 37. dxc4 bxc4 38. Qf5+ Kb7 39. Rb1+
Ka6 40. Qf6+ 1-0

[Event "GBR-ch90"]
[Site "Edinburgh"]
[Date "2003.07.31"]
[Round "10.35"]
[White "Kafka, Graeme"]
[Black "Ahmed, Sk. Nasir"]
[Result "1/2-1/2"]
[WhiteElo "2170"]
[BlackElo "2283"]
[PlyCount "112"]
[EventDate "2003.07.21"]
[EventType "swiss"]
[EventRounds "11"]
[EventCountry "GBR"]
[SourceTitle "BritBase"]
[Source "John Saunders"]
[SourceDate "2008.07.14"]
[SourceVersion "1"]
[SourceVersionDate "2008.07.14"]
[SourceQuality "2"]

1. e4 c5 2. Nf3 d6 3. d4 cxd4 4. Nxd4 Nf6 5. Nc3 a6 6. f4 Qb6 7. Nf3 e6 8. Bd3
Be7 9. Qe2 O-O 10. Rb1 Nbd7 11. Be3 Qc7 12. O-O b5 13. a3 Bb7 14. Kh1 Nc5 15.
Bg1 Rfe8 16. Rbe1 Bf8 17. e5 Nxd3 18. Qxd3 dxe5 19. fxe5 Rad8 20. Qe3 Nd5 21.
Nxd5 Bxd5 22. c3 Rd7 23. Nd4 Qb7 24. Qg3 a5 25. Nc2 Be4 26. Nd4 b4 27. axb4
axb4 28. Ra1 Rc8 29. Rfc1 bxc3 30. Rxc3 Rcd8 31. Rb3 Qc7 32. Rc3 Qb8 33. Rb3
Rb7 34. Rxb7 Qxb7 35. b3 Bc5 36. Nxe6 fxe6 37. Bxc5 Rd2 38. Rg1 Qd5 39. b4 h6
40. h3 Rd3 41. Be3 Qb3 42. Re1 Qxb4 43. Qf2 Rb3 44. Kh2 Kh7 45. Bxh6 Bxg2 46.
Qxg2 Rb2 47. Re2 Rxe2 48. Qxe2 Kxh6 49. Qe3+ g5 50. Kg2 Qb7+ 51. Kg3 Qb4 52.
Kg2 Qf4 53. Qxf4 gxf4 54. Kf3 Kg5 55. Ke4 f3 56. Kxf3 Kf5 1/2-1/2

[Event "GBR-ch90"]
[Site "Edinburgh"]
[Date "2003.07.31"]
[Round "10.36"]
[White "Thomas, Nicholas"]
[Black "Meyer, Gordon"]
[Result "1/2-1/2"]
[WhiteElo "2281"]
[BlackElo "2175"]
[PlyCount "80"]
[EventDate "2003.07.21"]
[EventType "swiss"]
[EventRounds "11"]
[EventCountry "GBR"]
[SourceTitle "BritBase"]
[Source "John Saunders"]
[SourceDate "2008.07.14"]
[SourceVersion "1"]
[SourceVersionDate "2008.07.14"]
[SourceQuality "2"]

1. e4 c5 2. Nc3 Nc6 3. g3 g6 4. Bg2 Bg7 5. d3 d6 6. f4 e6 7. Nf3 Nge7 8. O-O
O-O 9. Be3 b6 10. Bf2 Ba6 11. Qd2 Qd7 12. a3 Rad8 13. Rab1 e5 14. f5 Nd4 15. g4
Bb7 16. Bh4 f6 17. Nd5 g5 18. Nxe7+ Qxe7 19. Be1 h5 20. c4 Rf7 21. h3 h4 22.
Bf2 Bf8 23. Be3 Bg7 24. b4 Ra8 25. Rb2 Qd8 26. Rfb1 Bf8 27. Kh1 Rc7 28. Nxd4
exd4 29. Bg1 Re7 30. Bh2 Re8 31. Kg1 Qd7 32. Bf3 Be7 33. Qd1 Bd8 34. Qc2 Bc7
35. bxc5 dxc5 36. Bxc7 Qxc7 37. Qh2 Qxh2+ 38. Kxh2 Bc6 39. Bd1 Re7 40. a4 Kf7
1/2-1/2

[Event "GBR-ch90"]
[Site "Edinburgh"]
[Date "2003.07.31"]
[Round "10.37"]
[White "Grant, Jonathan"]
[Black "Eggleston, Thomas"]
[Result "1-0"]
[WhiteElo "2271"]
[BlackElo "2040"]
[PlyCount "127"]
[EventDate "2003.07.21"]
[EventType "swiss"]
[EventRounds "11"]
[EventCountry "GBR"]
[SourceTitle "BritBase"]
[Source "John Saunders"]
[SourceDate "2008.07.14"]
[SourceVersion "1"]
[SourceVersionDate "2008.07.14"]
[SourceQuality "2"]

1. c4 e6 2. Nf3 d5 3. g3 dxc4 4. Qa4+ Nd7 5. Qxc4 a6 6. d4 b5 7. Qc2 Bb7 8. Bg2
Ngf6 9. O-O Rc8 10. Bg5 c5 11. dxc5 Bxc5 12. Qd3 Qb6 13. Nc3 O-O 14. Rad1 Bc6
15. a3 Ng4 16. e3 a5 17. Ne4 f6 18. Bf4 e5 19. Nxc5 Qxc5 20. Qf5 exf4 21. Qxg4
fxe3 22. Rxd7 Bxd7 23. Qxd7 exf2+ 24. Rxf2 Rfe8 25. Bf1 b4 26. axb4 axb4 27.
Qb5 Qxb5 28. Bxb5 Rc1+ 29. Kg2 Rb8 30. Bd3 Rd8 31. Rd2 Kf8 32. Bxh7 Rxd2+ 33.
Nxd2 Rd1 34. Nb3 Kf7 35. Bc2 Rd6 36. Kf2 Ke6 37. Ke3 g5 38. h4 gxh4 39. gxh4
Ke5 40. Nc5 f5 41. Nd3+ Kf6 42. Nxb4 Kg6 43. Nd3 Kh5 44. Nf4+ Kxh4 45. Bxf5 Kg5
46. Be4 Kf6 47. b4 Ke5 48. Nd3+ Ke6 49. Nc5+ Ke7 50. b5 Rb6 51. Bd3 Kd6 52. Kd4
Rb8 53. Ne4+ Kc7 54. Kc5 Rb6 55. Nc3 Rh6 56. Be4 Rh5+ 57. Bd5 Rh2 58. b6+ Kb8
59. Na2 Rc2+ 60. Kb5 Rb2+ 61. Nb4 Rb1 62. Be4 Rb3 63. Ka4 Rb2 64. Ka3 1-0

[Event "GBR-ch90"]
[Site "Edinburgh"]
[Date "2003.07.31"]
[Round "10.38"]
[White "Taylor, Robert M"]
[Black "Jackson, Adrian"]
[Result "1/2-1/2"]
[WhiteElo "2169"]
[BlackElo "2228"]
[PlyCount "49"]
[EventDate "2003.07.21"]
[EventType "swiss"]
[EventRounds "11"]
[EventCountry "GBR"]
[SourceTitle "BritBase"]
[Source "John Saunders"]
[SourceDate "2008.07.14"]
[SourceVersion "1"]
[SourceVersionDate "2008.07.14"]
[SourceQuality "2"]

1. e4 c5 2. Nc3 Nc6 3. f4 g6 4. Nf3 Bg7 5. Bb5 Nd4 6. O-O Nxb5 7. Nxb5 d5 8. e5
a6 9. Nc3 Bg4 10. d4 cxd4 11. Qxd4 Bxf3 12. Rxf3 e6 13. Qb4 b5 14. Be3 Ne7 15.
Rd1 Qc7 16. Ne2 Nc6 17. Qe1 O-O 18. Qf2 f6 19. exf6 Bxf6 20. c3 Rf7 21. Nd4 Re8
22. Nxc6 Qxc6 23. Bd4 Bxd4 24. Qxd4 Qc4 25. b3 1/2-1/2

[Event "GBR-ch90"]
[Site "Edinburgh"]
[Date "2003.07.31"]
[Round "10.40"]
[White "Karavade, Eesha"]
[Black "Goodger, Martyn"]
[Result "1/2-1/2"]
[WhiteElo "2218"]
[BlackElo "2114"]
[PlyCount "62"]
[EventDate "2003.07.21"]
[EventType "swiss"]
[EventRounds "11"]
[EventCountry "GBR"]
[SourceTitle "BritBase"]
[Source "John Saunders"]
[SourceDate "2008.07.14"]
[SourceVersion "1"]
[SourceVersionDate "2008.07.14"]
[SourceQuality "2"]

1. e4 e5 2. Nf3 Nf6 3. Nxe5 d6 4. Nf3 Nxe4 5. d4 d5 6. Bd3 Bd6 7. O-O O-O 8. c4
c6 9. cxd5 cxd5 10. Nc3 Re8 11. h3 Nxc3 12. bxc3 Qc7 13. Qb3 Bd7 14. Bd2 Bc6
15. Bb1 Nd7 16. Bg5 Nf8 17. Bc2 b6 18. Rac1 Rac8 19. Bd3 Qd7 20. Qb1 g6 21. Bf6
Qe6 22. Be5 f6 23. Bxd6 Qxd6 24. h4 Rc7 25. g3 Kg7 26. Kg2 h5 27. Rfe1 Rce7 28.
Rxe7+ Rxe7 29. Re1 Bd7 30. Rxe7+ Qxe7 31. Qe1 Qd6 1/2-1/2

[Event "GBR-ch90"]
[Site "Edinburgh"]
[Date "2003.07.31"]
[Round "10.41"]
[White "McEwan, Ken B"]
[Black "Walton, Colin"]
[Result "1/2-1/2"]
[WhiteElo "2190"]
[BlackElo "2135"]
[PlyCount "86"]
[EventDate "2003.07.21"]
[EventType "swiss"]
[EventRounds "11"]
[EventCountry "GBR"]
[SourceTitle "BritBase"]
[Source "John Saunders"]
[SourceDate "2008.07.14"]
[SourceVersion "1"]
[SourceVersionDate "2008.07.14"]
[SourceQuality "2"]

1. e4 c5 2. Nc3 Nc6 3. g3 g6 4. Bg2 Bg7 5. d3 d6 6. f4 Nf6 7. Nf3 Rb8 8. O-O b5
9. Ne2 Qb6 10. Kh1 a5 11. h3 h5 12. Nh4 Nh7 13. c3 b4 14. c4 Bd7 15. Rb1 a4 16.
Be3 Qa6 17. Qd2 Bf6 18. Nf3 a3 19. b3 h4 20. g4 Nf8 21. d4 Bxg4 22. hxg4 h3 23.
Bxh3 Rxh3+ 24. Kg2 Rh8 25. dxc5 dxc5 26. g5 Bb2 27. Bxc5 Ne6 28. Be3 Rd8 29.
Qe1 Rd3 30. Qf2 Qc8 31. Rh1 Qd7 {(=)} 32. Rxh8+ Bxh8 33. e5 Rd1 34. Rxd1 Qxd1
35. Ned4 Ncxd4 36. Bxd4 Nxf4+ 37. Kh2 Qb1 38. e6 Bxd4 39. exf7+ Kxf7 40. Nxd4
Qb2 41. Nc2 e5 42. Kg3 Qxa2 43. Kg4 Qxb3 1/2-1/2

[Event "GBR-ch90"]
[Site "Edinburgh"]
[Date "2003.07.31"]
[Round "10.42"]
[White "Vujatovic, Rajko"]
[Black "Buckley, Melanie"]
[Result "0-1"]
[WhiteElo "2265"]
[BlackElo "2130"]
[PlyCount "74"]
[EventDate "2003.07.21"]
[EventType "swiss"]
[EventRounds "11"]
[EventCountry "GBR"]
[SourceTitle "BritBase"]
[Source "John Saunders"]
[SourceDate "2008.07.14"]
[SourceVersion "1"]
[SourceVersionDate "2008.07.14"]
[SourceQuality "2"]

1. d4 Nf6 2. c4 e6 3. Nc3 Bb4 4. Qc2 b6 5. e4 Bb7 6. Bd3 Bxc3+ 7. bxc3 d6 8. f4
c5 9. Nf3 Nfd7 10. O-O h6 11. Be3 Na6 12. Qf2 Nf6 13. e5 Ng4 14. Qe2 Nxe3 15.
Qxe3 O-O 16. Rad1 Rc8 17. Bb1 cxd4 18. Qd3 g6 19. cxd4 d5 20. c5 bxc5 21. Qd2
Kh7 22. Ng5+ Kg7 23. Rf3 cxd4 24. Bxg6 hxg5 25. fxg5 fxg6 26. Rf6 Rxf6 27.
exf6+ Kf7 28. h4 Qb6 29. h5 d3+ 30. Kh2 Rh8 31. g4 Qc7+ 32. Kh3 d4 33. Rb1 Be4
34. Rc1 Qd6 35. Qb2 gxh5 36. Qb7+ Bxb7 37. g6+ Kxg6 0-1

[Event "GBR-ch90"]
[Site "Edinburgh"]
[Date "2003.07.31"]
[Round "10.43"]
[White "Rutherford, Elaine"]
[Black "Moore, Gerald"]
[Result "1-0"]
[WhiteElo "2061"]
[BlackElo "2252"]
[PlyCount "71"]
[EventDate "2003.07.21"]
[EventType "swiss"]
[EventRounds "11"]
[EventCountry "GBR"]
[SourceTitle "BritBase"]
[Source "John Saunders"]
[SourceDate "2008.07.14"]
[SourceVersion "1"]
[SourceVersionDate "2008.07.14"]
[SourceQuality "2"]

1. e4 c5 2. Nc3 Nc6 3. f4 g6 4. Nf3 Bg7 5. Bb5 Nd4 6. O-O Nxb5 7. Nxb5 d5 8. e5
Nh6 9. d4 cxd4 10. Qxd4 O-O 11. Rd1 Bf5 12. Qf2 f6 13. exf6 Bxf6 14. h3 Be4 15.
Nbd4 Qd7 16. Qe2 Nf7 17. Nb3 Qc8 18. c3 e5 19. fxe5 Nxe5 20. Nxe5 Bxe5 21. Be3
Qc7 22. Nc5 Rae8 23. Nxe4 dxe4 24. Rd5 b6 25. Rad1 Rf7 26. Qb5 Rfe7 27. Bg5 Re6
28. Kh1 e3 29. Rd8 Qf7 30. Rf1 a6 31. Qxa6 Qc7 32. Qd3 Rxd8 33. Bxd8 Qd6 34.
Qc4 e2 35. Rg1 Bg3 36. Bc7 1-0

[Event "GBR-ch90"]
[Site "Edinburgh"]
[Date "2003.07.31"]
[Round "10.44"]
[White "Radovanovic, Jovica"]
[Black "Clarke, Thomas M"]
[Result "1-0"]
[WhiteElo "2239"]
[BlackElo "2128"]
[PlyCount "79"]
[EventDate "2003.07.21"]
[EventType "swiss"]
[EventRounds "11"]
[EventCountry "GBR"]
[SourceTitle "BritBase"]
[Source "John Saunders"]
[SourceDate "2008.07.14"]
[SourceVersion "1"]
[SourceVersionDate "2008.07.14"]
[SourceQuality "2"]

1. e4 e6 2. d4 d5 3. Nc3 Bb4 4. e5 c5 5. a3 Bxc3+ 6. bxc3 Qc7 7. Qg4 f6 8. Bb5+
Nc6 9. Nf3 cxd4 10. cxd4 fxe5 11. dxe5 Nge7 12. O-O O-O 13. Rb1 Ng6 14. Re1 Bd7
15. Bd3 Qa5 16. Bd2 Ncxe5 17. Nxe5 Nxe5 18. Qe2 Qc5 19. Bb4 Nxd3 20. Bxc5 Nxc5
21. Qe5 b6 22. Rb4 Rac8 23. Rg4 Rf7 24. Rf4 Be8 25. Rxf7 Bxf7 26. f3 h6 27. h4
Nd7 28. Qd6 Nf8 29. Qe7 Ng6 30. Qxa7 Nxh4 31. Re2 Nf5 32. Qxb6 Rc4 33. Rxe6
Rxc2 34. Rc6 Re2 35. Qb8+ Kh7 36. Qb1 g6 37. Rc7 Kg8 38. Qb7 Nd6 39. Qa6 Nc4
40. Qf6 1-0

[Event "GBR-ch90"]
[Site "Edinburgh"]
[Date "2003.07.31"]
[Round "10.45"]
[White "Guthrie, David"]
[Black "Coleman, James"]
[Result "1/2-1/2"]
[WhiteElo "2183"]
[BlackElo "2211"]
[PlyCount "91"]
[EventDate "2003.07.21"]
[EventType "swiss"]
[EventRounds "11"]
[EventCountry "GBR"]
[SourceTitle "BritBase"]
[Source "John Saunders"]
[SourceDate "2008.07.14"]
[SourceVersion "1"]
[SourceVersionDate "2008.07.14"]
[SourceQuality "2"]

1. d4 d5 2. c4 c6 3. Nf3 Nf6 4. Nc3 dxc4 5. a4 Bf5 6. Ne5 e6 7. f3 Bb4 8. e4
Bxe4 9. fxe4 Nxe4 10. Bd2 Qxd4 11. Nxe4 Qxe4+ 12. Qe2 Bxd2+ 13. Kxd2 Qd5+ 14.
Kc2 Na6 15. Nxc4 O-O 16. Qe5 Rab8 17. Be2 f6 18. Qxd5 cxd5 19. Ne3 Rbc8+ 20.
Kb3 Nc5+ 21. Kb4 d4 22. Nc4 Rfd8 23. Rad1 e5 24. Bg4 Rc7 25. Rhe1 g6 26. Bf3
Nxa4 27. Nxe5 Nxb2 28. Rd2 fxe5 29. Rxb2 d3 30. Rxe5 Rd4+ 31. Ka3 d2 32. Bd1 b6
33. Re2 Rd3+ 34. Rb3 Rd5 35. Rf3 Rc1 36. Rf1 Ra5+ 37. Kb4 Raa1 38. Rxd2 Rab1+
39. Ka4 Ra1+ 40. Kb3 Rab1+ 41. Rb2 Ra1 42. Rd2 a5 43. Rd7 Rab1+ 44. Ka2 Ra1+
45. Kb2 Rab1+ 46. Ka2 1/2-1/2

[Event "GBR-ch90"]
[Site "Edinburgh"]
[Date "2003.07.31"]
[Round "10.46"]
[White "Walton, Alan J"]
[Black "Gilbert, Jessie L"]
[Result "1-0"]
[WhiteElo "2158"]
[BlackElo "2109"]
[PlyCount "77"]
[EventDate "2003.07.21"]
[EventType "swiss"]
[EventRounds "11"]
[EventCountry "GBR"]
[SourceTitle "BritBase"]
[Source "John Saunders"]
[SourceDate "2008.07.14"]
[SourceVersion "1"]
[SourceVersionDate "2008.07.14"]
[SourceQuality "2"]

1. d4 d5 2. Bg5 h6 3. Bh4 c6 4. c3 Bf5 5. Nd2 Qb6 6. Qb3 Nd7 7. Ngf3 e6 8. e3
Ngf6 9. Be2 Bd6 10. c4 Qxb3 11. axb3 O-O 12. O-O Rfe8 13. Bg3 Bxg3 14. hxg3 Bh7
15. Ra3 a6 16. b4 dxc4 17. Nxc4 Re7 18. Rc1 Nd5 19. Rb3 Rd8 20. Na5 Nb8 {(=)}
21. Nd2 Nb6 22. Ndc4 Nxc4 23. Nxc4 Be4 24. Rbc3 Bd5 25. b3 Nd7 26. Na5 Rb8 27.
f3 e5 28. dxe5 Nxe5 29. e4 Be6 30. f4 Bg4 31. Bf1 Ng6 32. Re3 Rd8 33. Nc4 Be6
34. Nb6 Bg4 35. Bd3 Rd4 36. Rc4 Rd8 37. e5 Nf8 38. f5 g6 39. Rxg4 1-0

[Event "GBR-ch90"]
[Site "Edinburgh"]
[Date "2003.08.01"]
[Round "11.3"]
[White "Kotronias, Vasilios"]
[Black "Rahman, Ziaur"]
[Result "1-0"]
[WhiteElo "2602"]
[BlackElo "2521"]
[PlyCount "85"]
[EventDate "2003.07.21"]
[EventType "swiss"]
[EventRounds "11"]
[EventCountry "GBR"]
[SourceTitle "BritBase"]
[Source "John Saunders"]
[SourceDate "2008.07.14"]
[SourceVersion "1"]
[SourceVersionDate "2008.07.14"]
[SourceQuality "2"]

1. e4 g6 2. d4 Bg7 3. Nc3 c6 4. Bc4 d6 5. Qf3 e6 6. Nge2 Nd7 7. Bb3 Ngf6 8. O-O
Qe7 9. Bg5 e5 10. Rad1 h6 11. Bc1 O-O 12. Qg3 Kh7 13. Qh4 b5 14. a3 a5 15. Bg5
Ba6 16. dxe5 dxe5 17. Rxd7 Qxd7 18. Bxf6 b4 19. Rd1 Qc7 20. Be7 bxc3 21. Nxc3
Rfe8 22. Bd6 Qa7 23. Na4 Rad8 24. c4 Bf8 25. c5 Qb7 26. Qg3 Rd7 27. Nb6 Rdd8
28. h4 Bxd6 29. cxd6 Rf8 30. Na4 Qb5 31. Qc3 c5 32. Nxc5 Rc8 33. Rd5 Qf1+ 34.
Kh2 Qxf2 35. Qg3 Qf1 36. Rxe5 Bc4 37. Ba4 Kg7 38. b3 Be2 39. d7 Rcd8 40. Nb7
Rb8 41. Re8 Qf6 42. Nd6 Rd8 43. e5 1-0

[Event "GBR-ch90"]
[Site "Edinburgh"]
[Date "2003.08.01"]
[Round "11.4"]
[White "Motwani, Paul"]
[Black "Bakre, Tejas"]
[Result "1-0"]
[WhiteElo "2525"]
[BlackElo "2433"]
[PlyCount "77"]
[EventDate "2003.07.21"]
[EventType "swiss"]
[EventRounds "11"]
[EventCountry "GBR"]
[SourceTitle "BritBase"]
[Source "John Saunders"]
[SourceDate "2008.07.14"]
[SourceVersion "1"]
[SourceVersionDate "2008.07.14"]
[SourceQuality "2"]

1. Nf3 c5 2. g3 Nc6 3. Bg2 g6 4. c3 Bg7 5. d4 cxd4 6. cxd4 d5 7. Nc3 Nh6 8. h4
Nf5 9. h5 e6 10. e3 Nd6 11. b3 b6 12. Ba3 Ba6 13. Bf1 Bxf1 14. Kxf1 Rc8 15. Kg2
O-O 16. Rc1 Re8 17. hxg6 hxg6 18. Qg1 f6 19. Qh2 Kf7 20. g4 Ne4 21. Nxe4 dxe4
22. Nd2 Rh8 23. Qf4 Rxh1 24. Kxh1 f5 25. gxf5 exf5 26. Nxe4 Qd5 27. f3 Kg8 28.
Qd6 Rd8 29. Qxc6 fxe4 30. Qxd5+ Rxd5 31. Rc8+ Kh7 32. fxe4 Ra5 33. Bd6 Rxa2 34.
e5 Re2 35. e6 Bf6 36. Be5 Bxe5 37. dxe5 Rxe3 38. e7 Rxe5 39. e8=Q 1-0

[Event "GBR-ch90"]
[Site "Edinburgh"]
[Date "2003.08.01"]
[Round "11.6"]
[White "Ghasi, Ameet"]
[Black "Ganguly, Surya Shekhar"]
[Result "1/2-1/2"]
[WhiteElo "2305"]
[BlackElo "2535"]
[PlyCount "65"]
[EventDate "2003.07.21"]
[EventType "swiss"]
[EventRounds "11"]
[EventCountry "GBR"]
[SourceTitle "BritBase"]
[Source "John Saunders"]
[SourceDate "2008.07.14"]
[SourceVersion "1"]
[SourceVersionDate "2008.07.14"]
[SourceQuality "2"]

1. Nf3 c5 2. g3 Nc6 3. Bg2 g6 4. O-O Bg7 5. d3 d6 6. c4 e5 7. Nc3 Nge7 8. a3
O-O 9. Rb1 a5 10. Bd2 h6 11. Ne1 Be6 12. Nd5 Rb8 13. Nc2 b5 14. b4 axb4 15.
axb4 Bxd5 16. cxd5 Nd4 17. Ne1 h5 18. e3 Ndf5 19. Nc2 Qd7 20. Na3 h4 21. Qg4
hxg3 22. hxg3 Qa7 23. Nc2 Rfc8 24. Rfc1 {(=)} Bh6 25. Ra1 Qb6 26. Qe2 Kh7 27.
Rcb1 c4 28. dxc4 Rxc4 29. Na3 Rc7 30. Rc1 Ra7 31. Nc2 Rc7 32. Na3 Ra7 33. Nc2
1/2-1/2

[Event "GBR-ch90"]
[Site "Edinburgh"]
[Date "2003.08.01"]
[Round "11.7"]
[White "Pert, Nicholas"]
[Black "Turner, Matthew J"]
[Result "1-0"]
[WhiteElo "2483"]
[BlackElo "2519"]
[PlyCount "83"]
[EventDate "2003.07.21"]
[EventType "swiss"]
[EventRounds "11"]
[EventCountry "GBR"]
[SourceTitle "BritBase"]
[Source "John Saunders"]
[SourceDate "2008.07.14"]
[SourceVersion "1"]
[SourceVersionDate "2008.07.14"]
[SourceQuality "2"]

1. d4 Nf6 2. Nf3 e6 3. c4 b6 4. a3 Bb7 5. Nc3 d5 6. cxd5 Nxd5 7. Bd2 Nxc3 8.
Bxc3 Nd7 9. Qc2 Be7 10. e4 O-O 11. O-O-O Qc8 12. h4 Rd8 13. Rh3 Nf6 14. Ng5 h6
15. e5 hxg5 16. exf6 Bxf6 17. hxg5 Bxg5+ 18. Kb1 f5 19. g4 Be4 20. Bd3 Qb7 21.
Re1 Bxd3 22. Qxd3 Qd5 23. Rh5 Bf6 24. gxf5 Bxd4 25. Qh3 Bxc3 26. Rh8+ Kf7 27.
fxe6+ Ke7 28. Qxc3 Kd6 29. Rhh1 Rh8 30. Rxh8 Rxh8 31. Qxg7 Rd8 32. e7 Qf5+ 33.
Ka1 Re8 34. Qd4+ Kc6 35. Qd8 Qg6 36. Rc1+ Kb5 37. Qxc7 Qg5 38. Qc6+ Ka6 39. Rc4
Qg1+ 40. Ka2 Qg8 41. b3 Rxe7 42. Ra4# 1-0

[Event "GBR-ch90"]
[Site "Edinburgh"]
[Date "2003.08.01"]
[Round "11.8"]
[White "Wells, Peter K"]
[Black "Summerscale, Aaron"]
[Result "0-1"]
[WhiteElo "2481"]
[BlackElo "2492"]
[PlyCount "46"]
[EventDate "2003.07.21"]
[EventType "swiss"]
[EventRounds "11"]
[EventCountry "GBR"]
[SourceTitle "BritBase"]
[Source "John Saunders"]
[SourceDate "2008.07.14"]
[SourceVersion "1"]
[SourceVersionDate "2008.07.14"]
[SourceQuality "2"]

1. d4 e6 2. c4 f5 3. Nc3 Nf6 4. Nf3 Be7 5. Bf4 O-O 6. h3 Ne4 7. e3 Nxc3 8. bxc3
d6 9. Bd3 Nc6 10. g4 Bf6 11. gxf5 e5 12. Bg3 Qe8 13. Bc2 exd4 14. cxd4 Ne7 15.
Ba4 Qh5 16. e4 b5 17. Bc2 Nxf5 18. exf5 Bb7 19. d5 Bxa1 20. O-O bxc4 21. Nd4
Qxd1 22. Rxd1 Bxd4 23. Rxd4 Rae8 0-1